000 00847nam a2200313Ia 4500
005 20250425160719.0
008 250425s9999 xx 000 0 und d
041 _aspa
043 _aec
082 _a658.404
100 _aMARISCAL DÍAZ, CRISTÓBAL
245 0 _aINTRODUCCION A LA EVALUACION DE PROYECTOS MARITIMOS
250 _a1A ED.
260 _aEcuador
_bESPOL
_c1998
260 _aGUAYAQUIL
300 _a64
650 _aEVALUACION DE PROYECTOS
650 _aEVALUACION DE PROYECTOS
650 _aEVALUACION DE PROYECTOS
650 _aPROYECTOS DE INVERSION
650 _aPROYECTOS DE INVERSION
650 _aPROYECTOS DE INVERSION
650 _aPROYECTOS MARITIMOS
650 _aPROYECTOS MARITIMOS
650 _aPROYECTOS MARITIMOS
710 _aCAMARA MARITIMA DEL ECUADOR
942 _c01
010 _a3233
999 _c194656
_d194656